000 00560nam a2200181Ia 4500
008 240729s9999 xx 000 0 und d
022 _a2054-4529
245 0 _aEuropean Medical Journal Neurology
260 _aUnited Kingdom
260 _bEuropean Medical Journal
650 _a Internal medicine
650 _a Neurology. Diseases of the nervous system
650 _a Neurosciences. Biological psychiatry. Neuropsychiatry
650 _aMedicine
856 _uhttps://doaj.org/toc/0df4afcc85cd46a18b6a53616a8c6748
942 _2ddc
942 _cDOAJEJ
999 _c66300
_d66300
945 _a1
_bMadushi Gamage
_c1
_dMadushi Gamage